[Event "Berlin-ch QT"]
[Site "Berlin"]
[Date "2013.04.03"]
[Round "5"]
[White "Jaeger, Andre"]
[Black "Major, Vitalij"]
[Result "0-1"]
[WhiteElo "2012"]
[BlackElo "2156"]
[PlyCount "80"]
[EventDate "2013.03.30"]
[EventType "swiss"]
[EventRounds "9"]
[EventCountry "GER"]
[SourceTitle "EXT 2023"]
[Source "ChessBase"]
[SourceDate "2022.10.05"]
[SourceVersion "1"]
[SourceVersionDate "2022.10.05"]
[SourceQuality "1"]

1. d4 Nf6 2. c4 e5 3. dxe5 Ng4 4. Nf3 Nc6 5. Bg5 Be7 6. Bxe7 Qxe7 7. Nc3 Ngxe5 8. Nd5 Qd8 9. Nxe5 Nxe5 10. Qd4 f6 11. f4 Ng6 12. h4 Ne7 13. 0-0-0 c6 14. Nxe7 Qxe7 15. Rh3 0-0 16. Re3 Qf7 17. b3 a5 18. a4 Re8 19. Rxe8+ Qxe8 20. Rd3 d5 21. cxd5 cxd5 22. Qxd5+ Be6 23. Qd6 Bf7 24. e3 Rc8+ 25. Kb2 Bg6 26. Qd5+ Kh8 27. f5 Bf7 28. Qxa5 h6 29. g3 Kh7 30. Bg2 Qe7 31. g4 b5 32. Qxb5 Qc7 33. Ka3 Qc1+ 34. Kb4 Qe1+ 35. Ka3 Rc1 36. Qc6 Rxc6 37. Bxc6 Qc1+ 38. Kb4 Qxc6 39. Rd4 Qb6+ 40. Ka3 Qxb3# 0-1

[Event "Berlin-ch QT"]
[Site "Berlin"]
[Date "2013.03.30"]
[Round "1"]
[White "Major, Vitalij"]
[Black "Schneider, Eckehard"]
[Result "1-0"]
[WhiteElo "2156"]
[BlackElo "1783"]
[PlyCount "47"]
[EventDate "2013.03.30"]
[EventType "swiss"]
[EventRounds "9"]
[EventCountry "GER"]
[SourceTitle "EXT 2023"]
[Source "ChessBase"]
[SourceDate "2022.10.05"]
[SourceVersion "1"]
[SourceVersionDate "2022.10.05"]
[SourceQuality "1"]

1. d4 Nf6 2. c4 e6 3. Nc3 Bb4 4. Qc2 0-0 5. Bg5 d5 6. e3 c5 7. Nf3 Nbd7 8. cxd5 exd5 9. Be2 h6 10. Bh4 g5 11. Bg3 Ne4 12. 0-0 Nxg3 13. hxg3 Nf6 14. dxc5 Bxc5 15. Rfd1 Qe7 16. Nxd5 Nxd5 17. Rxd5 b6 18. Re5 Qf6 19. Qe4 Be6 20. Nd4 Bxd4 21. exd4 Rac8 22. Bd3 Qg7 23. d5 Rc5 24. Re1 1-0

[Event "Berlin Lichtenrade op 07th"]
[Site "Berlin"]
[Date "2011.10.14"]
[Round "7"]
[White "Major, Vitalij"]
[Black "Postler, Reinhard"]
[Result "1-0"]
[WhiteElo "2136"]
[BlackElo "2367"]
[PlyCount "37"]
[EventDate "2011.10.08"]
[EventType "swiss"]
[EventRounds "9"]
[EventCountry "GER"]
[SourceTitle "CBM 144 Extra"]
[Source "ChessBase"]
[SourceDate "2011.10.28"]
[SourceVersion "1"]
[SourceVersionDate "2011.10.28"]
[SourceQuality "1"]

1. c4 c6 2. Nf3 d5 3. cxd5 cxd5 4. g3 Nc6 5. Bg2 Nf6 6. 0-0 g6 7. d4 Bg7 8. Nc3 0-0 9. Ne5 e6 10. Nxc6 bxc6 11. Qc2 Nd7 12. Rd1 e5 13. Na4 Qf6 14. Be3 Qe6 15. Rac1 exd4 16. Bxd4 Bxd4 17. Rxd4 Ne5 18. e4 Qf6 19. Qc3 1-0

[Event "Berlin Lichtenberger op 10th"]
[Site "Berlin"]
[Date "2011.08.20"]
[Round "8"]
[White "Major, Vitalij"]
[Black "Gross, Thorsten"]
[Result "1-0"]
[WhiteElo "2112"]
[BlackElo "2150"]
[PlyCount "181"]
[EventDate "2011.08.13"]
[EventType "swiss"]
[EventRounds "9"]
[EventCountry "GER"]
[SourceTitle "CBM 143 Extra"]
[Source "ChessBase"]
[SourceDate "2011.08.29"]
[SourceVersion "1"]
[SourceVersionDate "2011.08.29"]
[SourceQuality "1"]

1. d4 Nf6 2. c4 e6 3. Nc3 d5 4. Bg5 Be7 5. e3 0-0 6. Nf3 h6 7. Bh4 b6 8. Bxf6 Bxf6 9. cxd5 exd5 10. Bd3 Be6 11. Rc1 c5 12. Bb1 Nd7 13. h3 g6 14. Ne2 Re8 15. Nf4 Bg7 16. 0-0 Rc8 17. dxc5 Rxc5 18. Rxc5 Nxc5 19. Nd4 a5 20. b3 Qg5 21. a3 Be5 22. Nf3 Qf6 23. Nxd5 Bxd5 24. Qxd5 Bc3 25. Qc4 Rd8 26. b4 Ne6 27. bxa5 Bxa5 28. e4 Qf4 29. Qb3 Nc5 30. Qc4 Re8 31. Qb5 Rd8 32. e5 Qa4 33. Qxa4 Nxa4 34. e6 Nc3 35. exf7+ Kxf7 36. Bc2 Kf6 37. Re1 Nb5 38. Re3 Rc8 39. Ba4 Nc3 40. Bd7 Rd8 41. Re6+ Kg7 42. Ne5 Ne2+ 43. Kh2 Nf4 44. Rd6 Bc3 45. Nc4 g5 46. g3 Ng6 47. Nxb6 Nf8 48. Rd5 Rb8 49. Na4 Be1 50. Kg2 Rb3 51. Nc5 Rxa3 52. Be8 Ra7 53. Bh5 Ra5 54. Rf5 Kg8 55. Bg4 Bb4 56. Ne4 Nh7 57. Rf3 Re5 58. Re3 Kg7 59. Bf3 Nf6 60. Rb3 Be7 61. Nd2 Rc5 62. Rb7 Kf7 63. Nf1 Re5 64. Ne3 Kg6 65. Bd1 Kf7 66. g4 Kg8 67. Nf5 Bf8 68. Bb3+ Kh8 69. Rf7 Nh7 70. Bc2 Re6 71. Nxh6 Rxh6 72. Bxh7 Bg7 73. Be4 Rf6 74. Rxf6 Bxf6 75. h4 gxh4 76. f4 Bc3 77. g5 Bd2 78. Kf3 h3 79. Kg4 h2 80. f5 Kg7 81. f6+ Kf7 82. Kf5 Kf8 83. g6 Bh6 84. Bd5 Bg7 85. fxg7+ Kxg7 86. Kg5 Kh8 87. Bh1 Kg7 88. Bg2 Kh8 89. Kf6 Kg8 90. Bd5+ Kf8 91. g7+ 1-0

[Event "Berlin Lichtenberger op 10th"]
[Site "Berlin"]
[Date "2011.08.14"]
[Round "2"]
[White "Major, Vitalij"]
[Black "Bandsom, Olaf"]
[Result "1-0"]
[WhiteElo "2112"]
[BlackElo "1778"]
[PlyCount "63"]
[EventDate "2011.08.13"]
[EventType "swiss"]
[EventRounds "9"]
[EventCountry "GER"]
[SourceTitle "CBM 143 Extra"]
[Source "ChessBase"]
[SourceDate "2011.08.29"]
[SourceVersion "1"]
[SourceVersionDate "2011.08.29"]
[SourceQuality "1"]

1. d4 d5 2. c4 e6 3. Nc3 Nf6 4. Nf3 Be7 5. Bg5 0-0 6. e3 c6 7. Bd3 dxc4 8. Bxc4 Nd5 9. Bxe7 Qxe7 10. Rc1 Nd7 11. 0-0 Rd8 12. Qc2 N7b6 13. Be2 Nd7 14. Rfd1 h6 15. e4 Nf4 16. Bf1 e5 17. d5 cxd5 18. Nxd5 Nxd5 19. Rxd5 Re8 20. Qc7 f6 21. a4 a6 22. g3 Qe6 23. Bc4 Kh7 24. Rd6 Qg4 25. Nh4 Nf8 26. Qf7 Be6 27. Bxe6 Nxe6 28. Nf5 Nf4 29. Rxf6 Ne2+ 30. Kf1 Kh8 31. Rxh6+ gxh6 32. Qf6+ 1-0

[Event "Berlin-ch qualification"]
[Site "Berlin-Lichtenrade"]
[Date "2011.05.01"]
[Round "9.5"]
[White "Noetzel, Felix"]
[Black "Major, Vitalij"]
[Result "1-0"]
[WhiteElo "2042"]
[BlackElo "2135"]
[PlyCount "73"]
[EventDate "2011.04.23"]
[EventType "swiss"]
[EventRounds "9"]
[EventCountry "GER"]
[SourceTitle "EXT 2022"]
[Source "ChessBase"]
[SourceDate "2021.10.06"]
[SourceVersion "1"]
[SourceVersionDate "2021.10.06"]
[SourceQuality "1"]

1. e4 c5 2. d4 e6 3. Nf3 cxd4 4. Nxd4 Nf6 5. Nc3 d6 6. Be3 a6 7. f3 b5 8. Qd2 Qc7 9. g4 h6 10. h4 b4 11. Nce2 d5 12. e5 Nfd7 13. f4 Nb6 14. b3 N8d7 15. Bg2 Be7 16. Kf2 h5 17. Ng3 hxg4 18. Qe2 Bb7 19. Qxg4 0-0-0 20. h5 Rhg8 21. Nge2 g5 22. hxg6 Rxg6 23. Qh5 Rdg8 24. Bf3 Nc5 25. Rag1 Ne4+ 26. Bxe4 dxe4 27. Rxg6 Rxg6 28. Qh8+ Bd8 29. Rh7 Nd5 30. Qe8 Nxe3 31. Kxe3 Qd7 32. Qxd7+ Kxd7 33. Rxf7+ Kc8 34. f5 Bg5+ 35. Nf4 exf5 36. Nxf5 Bc6 37. Ne7+ 1-0